हिन्दी मराठी उपन्यास कोष (Record no. 116379)

MARC details
000 -LEADER
fixed length control field 00832nam a2200229Ia 4500
003 - CONTROL NUMBER IDENTIFIER
control field OSt
005 - DATE AND TIME OF LATEST TRANSACTION
control field 20220918111015.0
008 - FIXED-LENGTH DATA ELEMENTS--GENERAL INFORMATION
fixed length control field 220915b |||||||| |||| 00| 0 hin d
037 ## - SOURCE OF ACQUISITION
Terms of availability Reference Collections
040 ## - CATALOGING SOURCE
Original cataloging agency ARTS
Transcribing agency ARTS
Language of cataloging hin
041 ## - LANGUAGE CODE
Source of code hin
Language code of text/sound track or separate title hin
100 ## - MAIN ENTRY--PERSONAL NAME
Personal name हरिदास
245 #0 - TITLE STATEMENT
Title हिन्दी मराठी उपन्यास कोष
Remainder of title 1860 - 1960 तक
246 ## - VARYING FORM OF TITLE
Title proper/short title Hindī marāṭhī upanyās koṣha: 1860 - 1960 taka
260 ## - PUBLICATION, DISTRIBUTION, ETC.
Place of publication, distribution, etc. मुरादाबाद
Name of publisher, distributor, etc. प्रेरणा प्रकाशन
Date of publication, distribution, etc. 2002
942 ## - ADDED ENTRY ELEMENTS (KOHA)
Classification part O1520a155,3k, P2.1-.4 (RR)
Koha item type Reference
Holdings
Withdrawn status Lost status Damaged status Not for loan Home library Current library Date acquired Total Checkouts Full call number Barcode Date last seen Price effective from Koha item type
        Arts Library Arts Library 2022-09-18   O1520a155,3k P2.1-.4 (RR) AL1343902 2022-09-18 2022-09-18 Reference
Copyright @ Delhi University Library System